|
|
|
|
| LEADER |
01113nam a22003258 4500 |
| 001 |
4632 |
| 003 |
BD-DhAAL |
| 005 |
20151011120153.0 |
| 008 |
151011s1984 enk b 001 0 eng |
| 010 |
|
|
|a 84016645
|
| 020 |
|
|
|a 0194424405
|
| 020 |
|
|
|a 0198761856 :
|c 29.95
|
| 020 |
|
|
|a 0198761848 (pbk.) :
|c 13.90
|
| 040 |
|
|
|a DLC
|c DLC
|d MYG
|d BD-DhAAL
|
| 049 |
|
|
|a MYGR
|
| 050 |
0 |
|
|a H97
|b .H625 1984
|
| 082 |
|
|
|a 361.6/1
|
| 100 |
1 |
|
|a Hogwood, Brian W.
|9 15286
|
| 245 |
1 |
0 |
|a Policy analysis for the real world /
|c Brian W. Hogwood and Lewis A. Gunn.
|
| 260 |
|
|
|a Oxford [Oxfordshire] ;
|a New York :
|b Oxford University Press,
|c 1984.
|
| 300 |
|
|
|a x, 289 p. ;
|c 22 cm.
|
| 500 |
|
|
|a Includes index.
|
| 504 |
|
|
|a Bibliography: p. [271]-280.
|
| 541 |
|
|
|e 4632
|
| 650 |
|
0 |
|a Policy sciences.
|9 15287
|
| 650 |
|
0 |
|a Political planning
|z Great Britain.
|9 15288
|
| 700 |
1 |
|
|a Gunn, Lewis A.
|9 15289
|
| 942 |
|
|
|2 ddc
|c BK
|
| 999 |
|
|
|c 35753
|d 35753
|
| 952 |
|
|
|0 0
|1 0
|2 ddc
|4 0
|6 361_600000000000000_1_HOG
|7 0
|9 56227
|a SCL
|b SCL
|c GEN
|d 2015-10-11
|e Gift: The British Council
|l 0
|o 361.61 HOG
|p 3020004632
|r 2015-10-11
|t 1
|w 2015-10-11
|y BK
|